000 00856nam a2200229 a 4500
001 78726
003 BD-RjUL
005 20211209083151.0
008 211109s1993 ua||||| |||| 00| e ara d
020 _a9771108212
035 _a(BD-RjUL)
040 _aBD-RjUL
_beng
_cBD-RjUL
041 _aara
082 _223
_a892.73
_bMAM 1993
100 1 _aمنفلوطي، مصطفى لطفي، ;; Manfaluti, Mustafa Lotfi,
_9249732
245 _aماجدولين أو تحت ظلال الزيزفون ;; Mājdūlīn, aw, Taḥta ẓilāl al-zayzafūn /
_cMuṣṭafá Luṭfī Manfalūṭī;; مصطفى لطفي المنفلوطي
260 _aal-Fajjālah :
_bMaktabat Miṣr,
_c1993
300 _a232 pages ;
_c23 cm.
520 _aAn adaptation of Alphonse Karr's Sous les tilleuls.
650 _aArabic Literature
_v621-1258
_9249733
942 _2ddc
_cBK
999 _c78726
_d78726